1: La volontà di sapere /

में बचाया:
ग्रंथसूची विवरण
मुख्य लेखक: Foucault, Michel
अन्य लेखक: Pasquino, Pasquale, Procacci, Giovanna, (1947- )
स्वरूप: पुस्तक
भाषा:इतालवी
प्रकाशित: Milano : Feltrinelli, 2014
संस्करण:18. ed
श्रृंखला:Universale economica ; 8234
टैग: टैग जोड़ें
कोई टैग नहीं, इस रिकॉर्ड को टैग करने वाले पहले व्यक्ति बनें!

MARC

LEADER 00000nam a22000007ib4500
001 IT\ICCU\TO1\0012874
003 ItRI
005 20250510190353.0
008 160323s2014 it |||||| ||||| |||||c
020 |a 9788807882340 
040 |b ita  |c Comunitas 
041 7 |a ita  |2 ISO-639-2 
100 1 |a Foucault, Michel  |0 IT\ICCU\CFIV\040224 
240 1 3 |a La volonté de savoir   |9 Foucault, Michel 
245 1 6 |a 1: La volontà di sapere /  |c Michel Foucault ; traduzione di Pasquale Pasquino e Giovanna Procacci. 
250 |a 18. ed 
260 |a Milano :  |b Feltrinelli,  |c 2014 
300 |a 142 p. ;  |c 20 cm. 
700 1 |a Pasquino, Pasquale  |0 IT\ICCU\CFIV\061078 
700 1 |a Procacci, Giovanna,  |d  (1947- )  |0 IT\ICCU\CFIV\322050 
773 0 |w IT\ICCU\UFI\0139800  |t Storia della sessualità  |g 1  |a Foucault, Michel  |0 IT\ICCU\CFIV\040224 
830 0 |a Universale economica ;  |v 8234  |0 IT\ICCU\CFI\0001103 
942 |2 ddc  |c BK 
952 |0 0  |1 0  |2 ddc  |4 0  |6 306_709000000000000_FOU_VOL  |7 0  |9 4230  |a AN  |b AN  |d 2025-05-10  |l 0  |o 306.709 FOU VOL  |p 11407  |r 2025-05-10 19:04:53  |w 2025-05-10  |y BK 
981 1 |6 z01  |a i   |b xxxe  
982 1 |6 z01  |a n 
999 |c 3250  |d 3250